The Norton Anthology of English literature / (Record no. 16731)
[ view plain ]
| 000 -LEADER | |
|---|---|
| fixed length control field | 01797nam a2200361 a 4500 |
| 001 - CONTROL NUMBER | |
| control field | 013496614 |
| 003 - CONTROL NUMBER IDENTIFIER | |
| control field | EG-ScBUE |
| 005 - DATE AND TIME OF LATEST TRANSACTION | |
| control field | 20210322094959.0 |
| 008 - FIXED-LENGTH DATA ELEMENTS--GENERAL INFORMATION | |
| fixed length control field | 060622t2006 enkac f b 001 0 eng d |
| 020 ## - INTERNATIONAL STANDARD BOOK NUMBER | |
| International Standard Book Number | 0393927229 |
| 020 ## - INTERNATIONAL STANDARD BOOK NUMBER | |
| International Standard Book Number | 9780393927221 |
| 040 ## - CATALOGING SOURCE | |
| Original cataloging agency | EG-ScBUE |
| Language of cataloging | eng |
| Description conventions | rda |
| Transcribing agency | EG-ScBUE |
| Modifying agency | EG-ScBUE |
| 082 04 - DEWEY DECIMAL CLASSIFICATION NUMBER | |
| Classification number | 820.8 |
| Item number | NOR |
| Edition number | 22 |
| 245 04 - TITLE STATEMENT | |
| Title | The Norton Anthology of English literature / |
| Statement of responsibility, etc | Stephen Greenblatt, general editor, Cogan University professor of the humanities, Harvard University ; M. H. Abrams, founding editor emeritus, class of 1916 professor of English emeritus, Cornell University. |
| 250 ## - EDITION STATEMENT | |
| Edition statement | Eighth edition. |
| 264 #1 - PUBLICATION, DISTRIBUTION, ETC. (IMPRINT) | |
| Place of publication, distribution, etc | New York ; |
| -- | London : |
| Name of publisher, distributor, etc | W.W. Norton and Company, |
| Date of publication, distribution, etc | [2006] |
| 264 #1 - PUBLICATION, DISTRIBUTION, ETC. (IMPRINT) | |
| Date of publication, distribution, etc | c2006 |
| 300 ## - PHYSICAL DESCRIPTION | |
| Extent | 6 volumes : |
| Other physical details | illustrations (chiefly color), color portraits ; |
| Dimensions | 24 cm |
| 336 ## - CONTENT TYPE | |
| Source | rdacontent |
| Content type term | text |
| Content type code | txt |
| 337 ## - MEDIA TYPE | |
| Source | rdamedia |
| Media type term | unmediated |
| Media type code | n |
| 338 ## - CARRIER TYPE | |
| Source | rdacarrier |
| Carrier type term | volume |
| Carrier type code | nc |
| 500 ## - GENERAL NOTE | |
| General note | Previous ed.: c 2000. |
| 500 ## - GENERAL NOTE | |
| General note | Maps on lining papers. |
| 504 ## - BIBLIOGRAPHY, ETC. NOTE | |
| Bibliography, etc | Includes bibliographical references and index. |
| 505 0# - FORMATTED CONTENTS NOTE | |
| Formatted contents note | Content : volume A. The Middle Ages / Alfred David, James Simpson -- volume B. The sixteenth century, the early seventeenth century / George M. Logan ... [et al.] -- volume C. The Restoration and the eighteenth century / Lawrence Lipking, James Noggle -- volume D. The Romantic period / Jack Stillinger -- volume E. The Victorian age -- volume F. The twentieth century and after. |
| 650 #7 - SUBJECT ADDED ENTRY--TOPICAL TERM | |
| Topical term or geographic name as entry element | English literature. |
| 9 (RLIN) | 29925 |
| Source of heading or term | BUEsh |
| 651 #7 - SUBJECT ADDED ENTRY--GEOGRAPHIC NAME | |
| Geographic name | Great Britain |
| Form subdivision | Literary collections. |
| Source of heading or term | BUEsh |
| 9 (RLIN) | 29926 |
| 653 ## - INDEX TERM--UNCONTROLLED | |
| Arrived date list | May2012 |
| Resource For college | Humanities: English |
| 655 ## - INDEX TERM--GENRE/FORM | |
| Form subdivision | Reading book |
| 9 (RLIN) | 34232 |
| 700 1# - ADDED ENTRY--PERSONAL NAME | |
| Personal name | Greenblatt, Stephen, |
| Dates associated with a name | 1943- |
| Relator term | editor. |
| 9 (RLIN) | 29927 |
| 700 1# - ADDED ENTRY--PERSONAL NAME | |
| Personal name | Abrams, M. H. |
| Fuller form of name | (Meyer Howard), |
| Dates associated with a name | 1912- |
| Relator term | editor. |
| 9 (RLIN) | 29928 |
| 942 ## - ADDED ENTRY ELEMENTS (KOHA) | |
| Source of classification or shelving scheme | Dewey Decimal Classification |
| Koha item type | Book - Borrowing |
| Withdrawn status | Lost status | Source of classification or shelving scheme | Damaged status | Not for loan | Collection code | Home library | Current library | Shelving location | Date acquired | Source of acquisition | Cost, normal purchase price | Serial Enumeration / chronology | Total Checkouts | Full call number | Barcode | Date last seen | Date checked out | Price effective from | Koha item type |
|---|---|---|---|---|---|---|---|---|---|---|---|---|---|---|---|---|---|---|---|
| Dewey Decimal Classification | Baccah | Central Library | Central Library | Second Floor | 08/05/2012 | 220.00 | 15016 | 1 | 820.8 NOR | 000026767 | 15/07/2025 | 11/03/2014 | 08/05/2012 | Book - Borrowing |